Classic stories from the ballet

Αποθηκεύτηκε σε:
Λεπτομέρειες βιβλιογραφικής εγγραφής
Κύριος συγγραφέας: Mindell, Ruth
Άλλοι συγγραφείς: Redish, Jane
Μορφή: Βιβλίο
Γλώσσα:English
Δημοσίευση: London : Longman, 1979
Θέματα:
Ετικέτες: Προσθήκη ετικέτας
Δεν υπάρχουν, Καταχωρήστε ετικέτα πρώτοι!

MARC

LEADER 00000nam a2200000 i 4500
001 1/49369
008 960401s1979 eng d
020 |a 0582525950 
035 |l 10026825 
040 |a GR-MY-UA  |b gre  |e aacr 
041 0 |a eng 
082 0 |a 428.64 
100 1 |a Mindell, Ruth. 
245 1 0 |a Classic stories from the ballet /  |c Ruth Mindell, Jane Redish 
260 |a London :   |b Longman,   |c 1979 
300 |a 77 p. 
650 0 0 |a English language  |x Readers. 
700 1 |a Redish, Jane. 
852 |a INST  |b CHIOS  |e 19960401  |h 428.64 MIN  |p 005200004849  |q 005200004849  |t BK  |y 0 
909 |a Χ  |b 004767